El control jurisdiccional de los poderes públicos en Venezuela (Registro nro. 313032)

Detalles MARC
000 -ENCABEZADO
Número de control [NR] 00670 a2200169 4500
005 - FECHA Y HORA DE LA ÚLTIMA TRANSACCIÓN
control field 20190806102649.0
008 - DE LONGITUD FIJA DE DATOS DE ELEMENTOS - INFORMACIÓN GENERAL
Elementos de longitud fija [NR] 190607b1979 ve ||||| |||| 00| 0 spa d
040 ## - FUENTE DE CATALOGACION [NR]
Agencia de catalogación original [NR] CO-BoUCM
Idioma de catalogación [NR] spa
Quien Cataloga Oscar Ávila (modificó)
Quien Clasifica Oscar Ávila (modificó)
041 0# - CODIGO DE IDIOMA [R]
Código de idioma para texto/pista de sonido o título separado [R] Español
100 10 - ASIENTO PRINCIPAL--NOMBRE PERSONAL [NR]
Nombre personal [NR] Rondón de Sansó, Hildegard
ID Autoridad 96959
245 13 - MENCION DE TITULO [NR]
Título [NR] El control jurisdiccional de los poderes públicos en Venezuela
Mención de responsabilidad, etc. [NR] Hildegard Rondón de Sansó
260 ## - PUBLICACION, DISTRIBUCION, ETC. (PIE DE IMPRENTA) [R]
Nombre del editor, distribuidor, etc. [R] Instituto de derechos publicos
Fecha de publicación, distribución, etc. [R] 1979
Lugar de publicación, distribución, etc. [R] Venezuela
Fecha de fabricación [R] 1979
650 #7 - ASIENTO SECUNDARIO DE MATERIA - TERMINO TEMATICO [R]
9 (RLIN) 24220
Término temático o nombre geográfico como elemento de entrada [NR] Separación de poderes
700 10 - ASIENTO SECUNDARIO - NOMBRE PERSONAL [R]
Nombre personal [NR] Urdaneta Troconis, Gustavo
9 (RLIN) 96960
942 ## - ELEMENTOS DE ENTRADA AGREGADOS (KOHA)
Tipo de ítem principal el descrito en 300a Libro
Sistema de clasificación DEWEY
Tema principal Derecho
Edición 1
Clasificación 342.05
Parte restante de la signatura top. R771c
Título oculto en OPAC No
Existencias
Signatura topográfica Código de barras Última vez visto Ejemplar Costo de reposición Price effective from Tipo de ítem Perdido Sistema de clasificación Dañado No prestable Tipo de ítem específico Suprimido Ubicación habitual Ubicación actual Localización Fecha de creación Proveedor Forma de adquisición Costo
342.05 R771c 100161337 06/12/2024 Ej.1 26000.00 06/06/2019 Libro   DEWEY     Libro   BodegaJK Claustro Préstamo 2 días después de solicitado 06/06/2019 12 Donación 0.00